Separát štatistickej ročenky školstva SR 2000 materské školy, základné školy, špeciálne školy

Guardado en:
Detalles Bibliográficos
Formato: Libro
Lenguaje:eslovaco
Publicado: Bratislava Ústav informácií a prognóz školstva 2000
Materias:
Etiquetas: Agregar Etiqueta
Sin Etiquetas, Sea el primero en etiquetar este registro!

MARC

LEADER 00000nam a2200000 4500
001 c124183
005 20251218100157.1
041 0 |a slo 
044 |a SK 
245 1 0 |a Separát štatistickej ročenky školstva SR 2000  |b materské školy, základné školy, špeciálne školy 
264 1 |a Bratislava  |b Ústav informácií a prognóz školstva  |c 2000 
300 |a 296 s. 
610 2 0 |a Slovensko 
610 2 0 |a školstvo 
610 2 0 |a zariadenia školské 
610 2 0 |a školy materské 
610 2 0 |a školy základné